| 000 | 00000nam##2200000za#4500 |
| 001 | 9.638203 |
| 003 | CaOODSP |
| 005 | 20240209132621 |
| 007 | cr ||||||||||| |
| 008 | 150407|2003||||xxc|||||o f|0| 0 fre|d |
| 040 | |aCaOODSP|bfre |
| 043 | |an-cn--- |
| 086 | 1 |aC89-4/114-4-2003F-PDF |
| 110 | 2 |aAgence de promotion économique du Canada atlantique. |
| 245 | 10|aFormation en commerce et perfectionnement des compétences - Partenariat pour le commerce et l'investissement au Canada atlantique |h[ressource électronique] |
| 260 | |aMoncton - Nouveau-Brunswick : |bAgence de promotion économique du Canada atlantique |c[2003]. |
| 300 | |a1p. |
| 500 | |aLe n° de catalogue (C89-4/114-4-2003) et l’ISBN (0-662-67832-X) de l'édition imprimée bilingue ont été incorrectement copiés dans cette édition électronique. |
| 590 | |a11-07-Supp|b2011-05-17 |
| 691 | 07|aCommerce|2gcpds |
| 775 | 08|tTrade education and skills development - Atlantic Trade and Investment Partnership |w(CaOODSP)9.694020 |
| 856 | 40|ahttp://publications.gc.ca|qPDF|s47 Ko|uhttps://publications.gc.ca/collections/collection_2010/apeca-acoa/C89-4-114-4-2003-fra.pdf |